| 000 | 00358nam a2200109Ia 4500 | ||
|---|---|---|---|
| 008 | 220512s9999 xx 000 0 eng d | ||
| 100 | _aTuteja, Usha | ||
| 245 | 0 |
_aBaseline data on horticultural crops in Uttarakhand / _cTuteja, Usha |
|
| 260 |
_aDelhi : _bAgricultural Economics Research Center University of Delhi, _cJul-13 |
||
| 546 | _aEnglish | ||
| 942 | _cPR | ||
| 999 |
_c36874 _d36874 |
||